Statistics for The Wombats Studio Album Songs Quiz

Click here to take the quiz!

General Stats

  • This quiz has been taken 69 times
  • The average score is 25 of 47

Answer Stats

The Modern Glitch% Correct
Greek Tragedy
94%
Moving to New York
88%
Lemon To A Knife Fight
85%
Kill The Director
79%
Let's Dance to Joy Division
79%
Turn
79%
Pink Lemonade
76%
Cheetah Tongue
71%
Emoticons
68%
Tokyo - Vampires & Wolves
68%
Ice Cream
65%
Jump Into The Fog
65%
Black Flamingo
62%
Isabel
62%
Lost in the Post
62%
1996
59%
Your Body Is A Weapon
59%
Give Me A Try
56%
Lethal Combination
56%
Patricia The Stripper
53%
Techno Fan
53%
Anti-D
47%
Our Perfect Disease
47%
Backfire at the Disco
44%
Flowerball - Bonus Track
44%
I Don't Know Why I Like You But I Do
44%
I Only Wear Black
44%
Tales of Girls, Boys and Marsupials
44%
This is Not A Party
44%
White Eyes
44%
School Uniforms
41%
Schumacher The Champagne
41%
Sex and Question Marks - Bonus Track
41%
The English Summer
41%
Walking Disasters
41%
Be Your Shadow
38%
Curve Balls
38%
Girls/Fast Cars
38%
Here Comes the Anxiety
38%
My First Wedding - + hidden track
38%
Party in a Forest [Where's Laura?]
38%
Dip You In Honey
35%
Dr Suzanne Mattox PhD
35%
Out Of My Head
35%
Headspace
29%
Last Night I Dreamt...
24%
Little Miss Pipedream
18%

Score Distribution

Percentile by Number Answered

Percent of People with Each Score

Your Score History

You have not taken this quiz